[Event "SN-2011-0-00353"]
[Site "LSS email"]
[Date "2011.06.22"]
[Round "?"]
[White "Nyeste, Gyula"]
[Black "Mraz, Andrew"]
[Result "0-1"]
[WhiteElo "1269"]
[BlackElo "1478"]
[PlyCount "80"]
[EventDate "2011.06.07"]
[EventType "tourn (corr)"]
[EventRounds "6"]
[EventCountry "GER"]
[SourceTitle "Corr 2022"]
[Source "ChessBase"]
[SourceDate "2021.10.24"]
[SourceVersion "1"]
[SourceVersionDate "2021.10.24"]
[SourceQuality "1"]

1. g3 e5 2. Bg2 d5 3. e4 dxe4 4. Bxe4 Nf6 5. Bg2 Bc5 6. Nf3 Bg4 7. 0-0 0-0 8. d3 Nc6 9. Bg5 h6 10. Bd2 e4 11. dxe4 Nxe4 12. c3 Ne5 13. Qe2 Bxf2+ 14. Rxf2 Nxf2 15. Qxf2 Nd3 16. Qf1 Re8 17. Na3 Nxb2 18. Rb1 Bxf3 19. Rxb2 Re2 20. Bxf3 Rxd2 21. Rxd2 Qxd2 22. Bxb7 Rb8 23. Qf3 Qc1+ 24. Kg2 Qxa3 25. Bd5 Qe7 26. c4 Rb2+ 27. Kh3 Rxa2 28. c5 Ra5 29. Qf5 g6 30. Qf4 Rxc5 31. Bf3 Qe6+ 32. g4 Rh5+ 33. Kg2 Qa2+ 34. Kf1 Rxh2 35. Qd4 Qb1+ 36. Bd1 Rh1+ 37. Ke2 Qxd1+ 38. Qxd1 Rxd1 39. Kxd1 h5 40. gxh5 gxh5 0-1

[Event "ZN-2011-0-01572"]
[Site "LSS email"]
[Date "2011.06.17"]
[Round "?"]
[White "Lauer, Frederic"]
[Black "Mraz, Andrew"]
[Result "1/2-1/2"]
[WhiteElo "1316"]
[BlackElo "1491"]
[PlyCount "68"]
[EventDate "2011.06.14"]
[EventType "match (corr)"]
[EventRounds "2"]
[EventCountry "GER"]
[SourceTitle "Corr 2022"]
[Source "ChessBase"]
[SourceDate "2021.10.24"]
[SourceVersion "1"]
[SourceVersionDate "2021.10.24"]
[SourceQuality "1"]

1. e4 c5 2. c3 d5 3. exd5 Qxd5 4. d4 Nf6 5. Nf3 e6 6. Na3 Nc6 7. Bc4 Qd8 8. Bf4 cxd4 9. Nxd4 Nxd4 10. Qxd4 Qxd4 11. cxd4 Bxa3 12. bxa3 0-0 13. 0-0 Bd7 14. Rab1 b6 15. Rfd1 Nd5 16. Bxd5 exd5 17. Rbc1 Rac8 18. Rxc8 Rxc8 19. Rc1 Rxc1+ 20. Bxc1 Bf5 21. Kf1 Bb1 22. Ke2 Bxa2 23. Kd3 b5 24. Kc3 a5 25. Kb2 Bc4 26. Bd2 a4 27. Bb4 f5 28. f4 h5 29. g3 h4 30. Be7 hxg3 31. hxg3 Kf7 32. Bd6 Kf6 33. Kc3 g5 34. fxg5+ Kxg5 1/2-1/2

[Event "ZN-2011-0-01572"]
[Site "LSS email"]
[Date "2011.06.17"]
[Round "?"]
[White "Mraz, Andrew"]
[Black "Lauer, Frederic"]
[Result "1/2-1/2"]
[WhiteElo "1491"]
[BlackElo "1316"]
[PlyCount "108"]
[EventDate "2011.06.14"]
[EventType "match (corr)"]
[EventRounds "2"]
[EventCountry "GER"]
[SourceTitle "Corr 2022"]
[Source "ChessBase"]
[SourceDate "2021.10.24"]
[SourceVersion "1"]
[SourceVersionDate "2021.10.24"]
[SourceQuality "1"]

1. d4 e6 2. c4 d5 3. Nf3 c5 4. cxd5 exd5 5. g3 Nc6 6. Bg2 Nxd4 7. Nxd4 cxd4 8. Qxd4 Be6 9. Nc3 Nf6 10. Bg5 Be7 11. Qa4+ Qd7 12. Qxd7+ Nxd7 13. Bxe7 Kxe7 14. Nxd5+ Bxd5 15. Bxd5 Nf6 16. Bg2 Rhd8 17. b3 Rd7 18. 0-0 Rad8 19. Rac1 b6 20. a4 Rd2 21. Rc7+ R8d7 22. Rfc1 Rxc7 23. Rxc7+ Rd7 24. Rxd7+ Nxd7 25. f4 Nc5 26. Bd5 f6 27. e4 Nd3 28. Kg2 Kd6 29. Kf3 Nb4 30. Bg8 h6 31. Kg4 Nd3 32. Kf5 Ke7 33. h3 Nf2 34. h4 Nh1 35. g4 Ng3+ 36. Kg6 Kf8 37. Bd5 Ne2 38. Kf5 Nd4+ 39. Kg6 Nf3 40. Kh5 a5 41. g5 hxg5 42. hxg5 fxg5 43. fxg5 Ne5 44. g6 Ke7 45. Kg5 Nf3+ 46. Kf4 Nh4 47. Bf7 Ng2+ 48. Ke5 Ne3 49. Kd4 Ng4 50. e5 Nh6 51. e6 Kd6 52. Kc4 Nf5 53. Kb5 Kc7 54. Kc4 Kd6 1/2-1/2

[Event "OP-2011-0-01526"]
[Site "LSS email"]
[Date "2011.05.14"]
[Round "?"]
[White "Ausan, Leo Tito Jr"]
[Black "Mraz, Andrew"]
[Result "1-0"]
[WhiteElo "1320"]
[BlackElo "1513"]
[PlyCount "39"]
[EventDate "2011.05.10"]
[EventType "tourn (corr)"]
[EventRounds "4"]
[EventCountry "GER"]
[SourceTitle "Corr 2022"]
[Source "ChessBase"]
[SourceDate "2021.10.24"]
[SourceVersion "1"]
[SourceVersionDate "2021.10.24"]
[SourceQuality "1"]

1. e4 c5 2. Nf3 Nf6 3. Nc3 d6 4. d4 cxd4 5. Qxd4 Nc6 6. Bb5 Bd7 7. Qd3 a6 8. Ba4 b5 9. Bb3 Na5 10. Bg5 e6 11. 0-0-0 Nxb3+ 12. axb3 h6 13. Bh4 g5 14. Bg3 e5 15. Nd5 Ra7 16. Nxe5 dxe5 17. Bxe5 Nxd5 18. exd5 Rg8 19. Rhe1 Be7 20. d6 1-0

[Event "ZN-2011-0-01495"]
[Site "LSS email"]
[Date "2011.05.14"]
[Round "?"]
[White "Mraz, Andrew"]
[Black "Lombardi, Donato"]
[Result "1-0"]
[WhiteElo "1500"]
[BlackElo "1095"]
[PlyCount "77"]
[EventDate "2011.05.12"]
[EventType "match (corr)"]
[EventRounds "2"]
[EventCountry "GER"]
[SourceTitle "Corr 2022"]
[Source "ChessBase"]
[SourceDate "2021.10.24"]
[SourceVersion "1"]
[SourceVersionDate "2021.10.24"]
[SourceQuality "1"]

1. d4 d5 2. c4 e6 3. Nf3 Nf6 4. Nc3 Bb4 5. cxd5 exd5 6. Bg5 c6 7. Qc2 0-0 8. e3 Bg4 9. Be2 Qd6 10. a3 Ba5 11. b4 Bc7 12. Ne5 Bxe2 13. Qxe2 Ne4 14. Nxe4 dxe4 15. Qg4 f5 16. Qg3 h6 17. Bf4 Qe7 18. Nxc6 Nxc6 19. Bxc7 Rac8 20. Bd6 Qf6 21. Bxf8 Rxf8 22. 0-0 a6 23. Rac1 f4 24. Qxf4 Qxf4 25. exf4 Nxd4 26. Rfe1 Rxf4 27. Rc4 Nb5 28. Rcxe4 Rf7 29. R1e3 Rc7 30. g3 Rc1+ 31. Kg2 Ra1 32. Re7 Rxa3 33. Rxa3 Nxa3 34. Rxb7 Nc4 35. Ra7 Ne5 36. Rxa6 Nd3 37. b5 Nc5 38. Rc6 Na4 39. b6 1-0

[Event "OP-2011-0-01526"]
[Site "LSS email"]
[Date "2011.05.14"]
[Round "?"]
[White "Reede, Arvo"]
[Black "Mraz, Andrew"]
[Result "1-0"]
[WhiteElo "1783"]
[BlackElo "1513"]
[PlyCount "117"]
[EventDate "2011.05.10"]
[EventType "tourn (corr)"]
[EventRounds "4"]
[EventCountry "GER"]
[SourceTitle "Corr 2022"]
[Source "ChessBase"]
[SourceDate "2021.10.24"]
[SourceVersion "1"]
[SourceVersionDate "2021.10.24"]
[SourceQuality "1"]

1. c4 e5 2. Nc3 Nf6 3. Nf3 Nc6 4. e4 Bb4 5. Be2 0-0 6. d3 d6 7. 0-0 h6 8. Nd5 Bg4 9. Be3 Bc5 10. Qb3 Nd4 11. Bxd4 Bxf3 12. Bxf3 Bxd4 13. Ne3 Bxe3 14. fxe3 b6 15. Qd1 c6 16. Rc1 Qd7 17. h3 a5 18. Qa4 b5 19. cxb5 cxb5 20. Qc2 Rac8 21. Qd2 b4 22. Rxc8 Rxc8 23. Rc1 Rc7 24. Rxc7 Qxc7 25. Bd1 Nd7 26. Bb3 Nc5 27. Qc2 Qa7 28. Bd5 Nd7 29. Kf2 Nb6 30. Bc6 Qc7 31. a3 bxa3 32. bxa3 g6 33. Ke2 Kg7 34. Kd2 Kf8 35. Qc3 Qa7 36. Bb5 Nd7 37. Bxd7 Qxd7 38. Qxa5 Qe6 39. Qd8+ Kg7 40. Kc3 h5 41. a4 Kh6 42. a5 Qa2 43. Qb6 Qa1+ 44. Kc4 Qa2+ 45. Kb5 Qb3+ 46. Kc6 Qc3+ 47. Kd7 Qxd3 48. a6 Qxe4 49. a7 Qxg2 50. Qc6 Qxh3+ 51. Kc7 Qxe3 52. a8Q f5 53. Qxd6 f4 54. Qac6 Qg3 55. Qxe5 h4 56. Qh8+ Kg5 57. Qcf6+ Kg4 58. Qxg6+ Kh3 59. Qf5+ 1-0

[Event "OP-2011-0-01497"]
[Site "LSS email"]
[Date "2011.04.22"]
[Round "?"]
[White "Silva, Henrique"]
[Black "Mraz, Andrew"]
[Result "1/2-1/2"]
[WhiteElo "2110"]
[BlackElo "1504"]
[PlyCount "53"]
[EventDate "2011.04.18"]
[EventType "tourn (corr)"]
[EventRounds "4"]
[EventCountry "GER"]
[SourceTitle "Corr 2022"]
[Source "ChessBase"]
[SourceDate "2021.10.24"]
[SourceVersion "1"]
[SourceVersionDate "2021.10.24"]
[SourceQuality "1"]

1. e4 e5 2. Nf3 Nc6 3. Bb5 a6 4. Ba4 Bc5 5. 0-0 Nf6 6. d3 d6 7. Bg5 0-0 8. Nbd2 b5 9. Bb3 Bb7 10. c3 Re8 11. Rc1 Na5 12. Bc2 Bb6 13. Re1 Re6 14. b4 Nc6 15. Bb3 Re8 16. a4 h6 17. Bh4 g5 18. Bg3 Nh5 19. Kh1 Nf4 20. Nf1 Ne7 21. a5 Ba7 22. Qc2 Neg6 23. c4 Qd7 24. cxb5 Qxb5 25. Bc4 Qd7 26. Qa2 Kg7 27. h3 1/2-1/2

[Event "OP-2011-0-01476"]
[Site "LSS email"]
[Date "2011.04.05"]
[Round "?"]
[White "Smith, Douglas Royston"]
[Black "Mraz, Andrew"]
[Result "1-0"]
[WhiteElo "1821"]
[BlackElo "1512"]
[PlyCount "21"]
[EventDate "2011.03.31"]
[EventType "tourn (corr)"]
[EventRounds "4"]
[EventCountry "GER"]
[SourceTitle "Corr 2022"]
[Source "ChessBase"]
[SourceDate "2021.10.24"]
[SourceVersion "1"]
[SourceVersionDate "2021.10.24"]
[SourceQuality "1"]

1. Nf3 Nf6 2. g3 g6 3. Bg2 Bg7 4. c4 c6 5. 0-0 d5 6. cxd5 cxd5 7. d4 0-0 8. Nc3 Ne4 9. Ng5 f5 10. f3 Bxd4+ 11. Qxd4 1-0

[Event "SN-2011-0-00316"]
[Site "LSS email"]
[Date "2011.02.26"]
[Round "?"]
[White "Lykhomano, Romano"]
[Black "Mraz, Andrew"]
[Result "0-1"]
[WhiteElo "1604"]
[BlackElo "1518"]
[PlyCount "51"]
[EventDate "2011.02.12"]
[EventType "tourn (corr)"]
[EventRounds "6"]
[EventCountry "GER"]
[SourceTitle "Corr 2022"]
[Source "ChessBase"]
[SourceDate "2021.10.24"]
[SourceVersion "1"]
[SourceVersionDate "2021.10.24"]
[SourceQuality "1"]

1. d4 d5 2. c4 c6 3. cxd5 cxd5 4. Nf3 Nf6 5. Nc3 Nc6 6. Bf4 Nh5 7. Bd2 e6 8. e3 Bd6 9. Be2 a6 10. 0-0 Qc7 11. Bd3 Nf6 12. h3 0-0 13. Qc2 h6 14. Rac1 Nb4 15. Qb1 Qb8 16. Be2 Nc6 17. a3 e5 18. dxe5 Nxe5 19. Nxe5 Bxe5 20. Bf3 Be6 21. Rcd1 Qc8 22. Ne2 Bxh3 23. Rc1 Qe6 24. gxh3 Qxh3 25. Nf4 Qxf3 26. Rc2 0-1

[Event "SN-2011-0-00316"]
[Site "LSS email"]
[Date "2011.02.26"]
[Round "?"]
[White "Vontina, Maria"]
[Black "Mraz, Andrew"]
[Result "1/2-1/2"]
[WhiteElo "826"]
[BlackElo "1518"]
[PlyCount "77"]
[EventDate "2011.02.12"]
[EventType "tourn (corr)"]
[EventRounds "6"]
[EventCountry "GER"]
[SourceTitle "Corr 2022"]
[Source "ChessBase"]
[SourceDate "2021.10.24"]
[SourceVersion "1"]
[SourceVersionDate "2021.10.24"]
[SourceQuality "1"]

1. e4 c5 2. Nf3 Nf6 3. e5 Nd5 4. Bc4 Nb6 5. Be2 Nc6 6. 0-0 d6 7. exd6 exd6 8. d3 Be7 9. Nc3 0-0 10. Bf4 a6 11. a3 d5 12. Re1 Be6 13. Bf1 Nd7 14. Bg3 b5 15. Qd2 Bg4 16. Ne5 Ndxe5 17. Bxe5 Nxe5 18. Rxe5 d4 19. Na2 Bd6 20. Ree1 Qc7 21. g3 f5 22. f4 Rae8 23. Rxe8 Rxe8 24. Re1 Re7 25. Rxe7 Qxe7 26. Nc1 h5 27. Bg2 Bc7 28. Kf2 Kf7 29. Ne2 h4 30. Ng1 Bd8 31. Nf3 Bxf3 32. Bxf3 g5 33. fxg5 Qxg5 34. Qxg5 Bxg5 35. Bb7 hxg3+ 36. hxg3 a5 37. Ba6 b4 38. axb4 axb4 39. Kf3 1/2-1/2

[Event "OP-2010-0-01356"]
[Site "LSS email"]
[Date "2010.12.30"]
[Round "?"]
[White "Tot, Zoltan"]
[Black "Mraz, Andrew"]
[Result "0-1"]
[WhiteElo "800"]
[BlackElo "1568"]
[PlyCount "80"]
[EventDate "2010.12.26"]
[EventType "tourn (corr)"]
[EventRounds "4"]
[EventCountry "GER"]
[SourceTitle "Corr 2022"]
[Source "ChessBase"]
[SourceDate "2021.10.24"]
[SourceVersion "1"]
[SourceVersionDate "2021.10.24"]
[SourceQuality "1"]

1. e4 e5 2. Qh5 Nc6 3. Bc4 g6 4. Qf3 Nf6 5. Ne2 b6 6. a3 Bb7 7. d3 Bg7 8. Be3 Ne7 9. Bh6 0-0 10. Bg5 d5 11. exd5 Qd6 12. Nbc3 Bxd5 13. Bxd5 Nexd5 14. 0-0-0 c6 15. d4 Rfe8 16. Bxf6 Qxf6 17. dxe5 Qxf3 18. gxf3 Nxc3 19. Nxc3 Bxe5 20. h4 Bxc3 21. bxc3 Re2 22. Rd7 Rxf2 23. Rd3 Re8 24. Rhd1 Ree2 25. R1d2 Rxd2 26. Rxd2 Rxf3 27. Kb2 Re3 28. Rd8+ Kg7 29. Rd7 Re4 30. h5 Ra4 31. Kb3 Ra5 32. Rd6 Rxh5 33. Rxc6 Re5 34. Rc7 a6 35. Rc6 Re6 36. Rc7 h5 37. c4 h4 38. Rd7 g5 39. a4 h3 40. Rd3 g4 0-1

[Event "OP-2010-0-01305"]
[Site "LSS email"]
[Date "2010.11.04"]
[Round "?"]
[White "Mraz, Andrew"]
[Black "Winbush, Jerome"]
[Result "0-1"]
[WhiteElo "1604"]
[BlackElo "1793"]
[PlyCount "82"]
[EventDate "2010.10.31"]
[EventType "tourn (corr)"]
[EventRounds "4"]
[EventCountry "GER"]
[SourceTitle "Corr 2022"]
[Source "ChessBase"]
[SourceDate "2021.10.24"]
[SourceVersion "1"]
[SourceVersionDate "2021.10.24"]
[SourceQuality "1"]

1. e4 g6 2. d4 Bg7 3. Nc3 d6 4. Be3 a6 5. Nf3 b5 6. Bd3 Nd7 7. Qd2 Bb7 8. 0-0 c5 9. d5 Ngf6 10. Bh6 0-0 11. a3 Ng4 12. Bxg7 Kxg7 13. Qg5 Nge5 14. Nxe5 Nxe5 15. f4 Nxd3 16. cxd3 h6 17. Qg3 e6 18. b4 Qb6 19. Kh1 Bc8 20. h4 Kh7 21. Qh2 Rg8 22. h5 Ra7 23. Rf3 cxb4 24. axb4 Qd4 25. Rc1 Rc7 26. Na2 Rxc1+ 27. Nxc1 Qxb4 28. Ne2 exd5 29. f5 g5 30. exd5 Qe1+ 31. Ng1 Qe5 32. Qxe5 dxe5 33. f6 b4 34. Re3 a5 35. Rxe5 b3 36. Ne2 a4 37. Nc3 a3 38. Re7 Rf8 39. Ra7 a2 40. Nxa2 bxa2 41. Rxa2 Bg4 0-1

[Event "OP-2010-0-01274"]
[Site "LSS email"]
[Date "2010.09.28"]
[Round "?"]
[White "Mraz, Andrew"]
[Black "Kampmann, Marcel"]
[Result "0-1"]
[WhiteElo "1646"]
[BlackElo "1541"]
[PlyCount "102"]
[EventDate "2010.09.23"]
[EventType "tourn (corr)"]
[EventRounds "4"]
[EventCountry "GER"]
[SourceTitle "Corr 2022"]
[Source "ChessBase"]
[SourceDate "2021.10.24"]
[SourceVersion "1"]
[SourceVersionDate "2021.10.24"]
[SourceQuality "1"]

1. e4 e5 2. Nf3 Nf6 3. Nxe5 d6 4. Nf3 Nxe4 5. Nc3 Nxc3 6. dxc3 Be7 7. Be3 0-0 8. Qd2 Nc6 9. 0-0-0 Ne5 10. Nxe5 dxe5 11. Bd3 c6 12. Qe2 Qa5 13. Bc4 Bf5 14. g4 Be4 15. Rhe1 Bd5 16. Kb1 Rfd8 17. f4 exf4 18. Bxf4 Bh4 19. Rf1 Re8 20. Qd3 Rad8 21. Bxd5 Rxd5 22. Qc4 h5 23. gxh5 Rxd1+ 24. Rxd1 Qxh5 25. Qf1 Qf5 26. a3 Re4 27. Bg3 Qxf1 28. Rxf1 Bg5 29. Rd1 Kh7 30. Rd4 f5 31. Rxe4 fxe4 32. c4 e3 33. c3 Kg6 34. c5 Bh6 35. Kc2 Kf5 36. Kd3 Kg4 37. Ke2 Bf4 38. c4 Bxg3 39. hxg3 g6 40. Kxe3 Kxg3 41. b4 g5 42. a4 Kh2 43. Kf3 Kh3 44. a5 g4+ 45. Ke4 g3 46. a6 bxa6 47. b5 g2 48. b6 g1Q 49. bxa7 Qg8 50. Ke5 a5 51. Kd6 Qa8 0-1

[Event "OP-2010-0-01274"]
[Site "LSS email"]
[Date "2010.09.28"]
[Round "?"]
[White "Mraz, Andrew"]
[Black "Rodriguez, Raul"]
[Result "0-1"]
[WhiteElo "1646"]
[BlackElo "1000"]
[PlyCount "64"]
[EventDate "2010.09.23"]
[EventType "tourn (corr)"]
[EventRounds "4"]
[EventCountry "GER"]
[SourceTitle "Corr 2022"]
[Source "ChessBase"]
[SourceDate "2021.10.24"]
[SourceVersion "1"]
[SourceVersionDate "2021.10.24"]
[SourceQuality "1"]

1. e4 e6 2. d4 d5 3. exd5 exd5 4. Nf3 Nc6 5. Bb5 Bd6 6. c4 dxc4 7. Bxc4 Nf6 8. 0-0 0-0 9. Bg5 h6 10. Bh4 Bg4 11. d5 Ne5 12. Be2 g5 13. Bg3 Nxf3+ 14. Bxf3 Bxf3 15. Qxf3 Bxg3 16. fxg3 Nxd5 17. Rd1 c6 18. Nc3 Qb6+ 19. Kh1 Rad8 20. Nxd5 cxd5 21. b3 d4 22. Rd3 Rfe8 23. Rf1 Rd7 24. h4 Re3 25. Rxe3 dxe3 26. hxg5 hxg5 27. Qe2 Rd2 28. Qc4 Rf2 29. Qc8+ Kh7 30. Re1 e2 31. Qc2+ Kh6 32. Kh2 Rf1 0-1

[Event "OP-2010-0-01274"]
[Site "LSS email"]
[Date "2010.09.28"]
[Round "?"]
[White "Souply, Yves"]
[Black "Mraz, Andrew"]
[Result "1-0"]
[WhiteElo "1661"]
[BlackElo "1646"]
[PlyCount "49"]
[EventDate "2010.09.23"]
[EventType "tourn (corr)"]
[EventRounds "4"]
[EventCountry "GER"]
[SourceTitle "Corr 2022"]
[Source "ChessBase"]
[SourceDate "2021.10.24"]
[SourceVersion "1"]
[SourceVersionDate "2021.10.24"]
[SourceQuality "1"]

1. e4 c5 2. Nf3 Nf6 3. Nc3 Nc6 4. d4 cxd4 5. Nxd4 e5 6. Ndb5 d6 7. Bg5 Be7 8. Bxf6 gxf6 9. Nd5 0-0 10. Nxe7+ Qxe7 11. Qxd6 Qxd6 12. Nxd6 b6 13. c3 Be6 14. Bc4 Ne7 15. Bxe6 fxe6 16. 0-0-0 Ng6 17. Rd2 f5 18. Rhd1 fxe4 19. Nxe4 Rf7 20. g3 h5 21. Kc2 h4 22. Rd7 Rf3 23. gxh4 Nxh4 24. Rg1+ Kf8 25. Rh7 1-0

[Event "OP-2010-0-01206"]
[Site "LSS email"]
[Date "2010.07.15"]
[Round "?"]
[White "Goepfert, Christian"]
[Black "Mraz, Andrew"]
[Result "1/2-1/2"]
[WhiteElo "2082"]
[BlackElo "1676"]
[PlyCount "104"]
[EventDate "2010.07.08"]
[EventType "tourn (corr)"]
[EventRounds "4"]
[EventCountry "GER"]
[SourceTitle "Corr 2022"]
[Source "ChessBase"]
[SourceDate "2021.10.24"]
[SourceVersion "1"]
[SourceVersionDate "2021.10.24"]
[SourceQuality "1"]

1. e4 c5 2. Nc3 Nc6 3. d4 cxd4 4. Nce2 e5 5. f4 Nf6 6. fxe5 Qa5+ 7. c3 Qxe5 8. Nxd4 Qxe4+ 9. Qe2 Nxd4 10. cxd4 Bb4+ 11. Bd2 Bxd2+ 12. Kxd2 0-0 13. Qxe4 Nxe4+ 14. Ke3 Re8 15. Kf3 Nd2+ 16. Kf2 Nxf1 17. Rxf1 b6 18. Ne2 Ba6 19. Re1 Rxe2+ 20. Rxe2 Bxe2 21. Kxe2 Rc8 22. a3 Rc2+ 23. Kd3 Rxb2 24. Rc1 Kf8 25. Rg1 Rb3+ 26. Kc4 Rxa3 27. Kd5 b5 28. Kc5 a6 29. Rc1 Ke7 30. d5 Ra2 31. d6+ Kd8 32. Kb6 Rd2 33. Kxa6 Rxd6+ 34. Kxb5 Rd2 35. Rg1 Rc2 36. h4 d6 37. g4 Kd7 38. Rf1 f6 39. h5 d5 40. Rf5 Ke6 41. Kb4 g6 42. hxg6 hxg6 43. Rf3 d4 44. Rd3 Ke5 45. Rd1 f5 46. Re1+ Kf4 47. gxf5 gxf5 48. Rf1+ Ke3 49. Rxf5 d3 50. Kb3 Rc8 51. Rh5 d2 52. Rh3+ Ke4 1/2-1/2

[Event "OP-2010-0-01206"]
[Site "LSS email"]
[Date "2010.07.15"]
[Round "?"]
[White "Mraz, Andrew"]
[Black "Molina, Vicente Andres"]
[Result "0-1"]
[WhiteElo "1676"]
[BlackElo "822"]
[PlyCount "54"]
[EventDate "2010.07.08"]
[EventType "tourn (corr)"]
[EventRounds "4"]
[EventCountry "GER"]
[SourceTitle "Corr 2022"]
[Source "ChessBase"]
[SourceDate "2021.10.24"]
[SourceVersion "1"]
[SourceVersionDate "2021.10.24"]
[SourceQuality "1"]

1. e4 c5 2. Nf3 Nc6 3. Bb5 d6 4. d4 cxd4 5. Nxd4 Bd7 6. 0-0 Nf6 7. Nc3 e6 8. Be3 Be7 9. f4 0-0 10. a3 a6 11. Bc4 Qc7 12. Bb3 Nxd4 13. Bxd4 e5 14. fxe5 dxe5 15. Be3 Be6 16. Bxe6 fxe6 17. Qe2 Rad8 18. Bd2 b5 19. Rf3 Bc5+ 20. Kh1 Ng4 21. Be3 Nxe3 22. Rxe3 Bxe3 23. Qxe3 Qc4 24. h3 Rf1+ 25. Rxf1 Qxf1+ 26. Kh2 Qf4+ 27. Qxf4 exf4 0-1

[Event "OP-2010-0-01125"]
[Site "LSS email"]
[Date "2010.04.01"]
[Round "?"]
[White "Jokmin, Guido"]
[Black "Mraz, Andrew"]
[Result "1-0"]
[WhiteElo "671"]
[BlackElo "1831"]
[PlyCount "39"]
[EventDate "2010.03.24"]
[EventType "tourn (corr)"]
[EventRounds "4"]
[EventCountry "GER"]
[SourceTitle "Corr 2022"]
[Source "ChessBase"]
[SourceDate "2021.10.24"]
[SourceVersion "1"]
[SourceVersionDate "2021.10.24"]
[SourceQuality "1"]

1. e4 c5 2. d4 cxd4 3. c3 Nf6 4. Bd3 dxc3 5. Nxc3 d6 6. Nf3 Nc6 7. 0-0 Bg4 8. Qe2 Nd4 9. Qd1 Nxf3+ 10. gxf3 Bh3 11. Re1 Qa5 12. Bd2 Qh5 13. Bf1 0-0-0 14. Rc1 Kb8 15. Be3 e6 16. Qd4 b6 17. Nb5 Rd7 18. Nxa7 Rxa7 19. Qxb6+ Rb7 20. Qd8# 1-0

[Event "OP-2010-0-01125"]
[Site "LSS email"]
[Date "2010.04.01"]
[Round "?"]
[White "Vontina, Maria"]
[Black "Mraz, Andrew"]
[Result "0-1"]
[WhiteElo "698"]
[BlackElo "1831"]
[PlyCount "68"]
[EventDate "2010.03.24"]
[EventType "tourn (corr)"]
[EventRounds "4"]
[EventCountry "GER"]
[SourceTitle "Corr 2022"]
[Source "ChessBase"]
[SourceDate "2021.10.24"]
[SourceVersion "1"]
[SourceVersionDate "2021.10.24"]
[SourceQuality "1"]

1. d4 d5 2. c4 c6 3. Nc3 Nf6 4. Nf3 e6 5. Bg5 Nbd7 6. e3 Qa5 7. Qc2 Ne4 8. Bh4 Bb4 9. Rc1 Qxa2 10. Kd1 Nxc3+ 11. bxc3 Qxc2+ 12. Rxc2 Bd6 13. cxd5 exd5 14. c4 b6 15. Bd3 a5 16. Kd2 Bb4+ 17. Ke2 f6 18. cxd5 cxd5 19. Rhc1 0-0 20. Nd2 Rd8 21. Bg3 Ba6 22. Bxa6 Rxa6 23. Rc8 Ra8 24. Rxa8 Rxa8 25. Nb1 Ra7 26. Kd3 b5 27. Nc3 Bxc3 28. Rb1 b4 29. Kc2 Kf7 30. f3 Nb6 31. Be1 Nc4 32. Bxc3 Na3+ 33. Kb2 Nxb1 34. Kxb1 bxc3 0-1

[Event "OP-2010-0-01079"]
[Site "LSS email"]
[Date "2010.02.12"]
[Round "?"]
[White "Henke, Simon"]
[Black "Mraz, Andrew"]
[Result "1-0"]
[WhiteElo "1665"]
[BlackElo "1660"]
[PlyCount "63"]
[EventDate "2010.02.08"]
[EventType "tourn (corr)"]
[EventRounds "4"]
[EventCountry "GER"]
[SourceTitle "Corr 2022"]
[Source "ChessBase"]
[SourceDate "2021.10.24"]
[SourceVersion "1"]
[SourceVersionDate "2021.10.24"]
[SourceQuality "1"]

1. c4 Nf6 2. g3 e5 3. Bg2 d5 4. cxd5 Nxd5 5. Nc3 Nb6 6. Nf3 Nc6 7. 0-0 Bg4 8. d3 Be7 9. Be3 Qd7 10. a3 h5 11. b4 0-0-0 12. b5 Bxf3 13. Bxf3 Nd4 14. Bxd4 Qxd4 15. Qc2 f5 16. a4 Bb4 17. Rfc1 Bxc3 18. Qxc3 Qxc3 19. Rxc3 Na8 20. a5 Kb8 21. a6 b6 22. Bxa8 Kxa8 23. Rxc7 Rc8 24. Rac1 Kb8 25. Rb7+ Ka8 26. Rcc7 Rxc7 27. Rxc7 Kb8 28. Rxg7 Rc8 29. Rb7+ Ka8 30. Re7 h4 31. Rxe5 h3 32. f4 1-0

[Event "ZN-2010-0-00894"]
[Site "LSS email"]
[Date "2010.01.29"]
[Round "?"]
[White "Mraz, Andrew"]
[Black "Goti, Javier"]
[Result "1-0"]
[WhiteElo "1660"]
[BlackElo "778"]
[PlyCount "24"]
[EventDate "2010.01.24"]
[EventType "match (corr)"]
[EventRounds "2"]
[EventCountry "GER"]
[SourceTitle "Corr 2022"]
[Source "ChessBase"]
[SourceDate "2021.10.24"]
[SourceVersion "1"]
[SourceVersionDate "2021.10.24"]
[SourceQuality "1"]

1. e4 c5 2. Nf3 d6 3. d4 cxd4 4. Nxd4 Nf6 5. Nc3 a6 6. Be3 e5 7. Nf3 Be6 8. Ng5 Bd7 9. Bc4 Be6 10. Nxe6 fxe6 11. Bxe6 Qe7 12. Nd5 Nbd7 1-0

[Event "OP-2010-0-01059"]
[Site "LSS email"]
[Date "2010.01.24"]
[Round "?"]
[White "Venturas, Bob"]
[Black "Mraz, Andrew"]
[Result "0-1"]
[WhiteElo "570"]
[BlackElo "1660"]
[PlyCount "74"]
[EventDate "2010.01.20"]
[EventType "tourn (corr)"]
[EventRounds "4"]
[EventCountry "GER"]
[SourceTitle "Corr 2022"]
[Source "ChessBase"]
[SourceDate "2021.10.24"]
[SourceVersion "1"]
[SourceVersionDate "2021.10.24"]
[SourceQuality "1"]

1. e4 c5 2. c4 Nc6 3. Nf3 d6 4. h3 e5 5. d3 Be7 6. Nc3 f5 7. exf5 Bxf5 8. Be2 Nf6 9. 0-0 0-0 10. Ng5 Nd4 11. Be3 Nxe2+ 12. Nxe2 d5 13. Ng3 Bd7 14. Qb3 d4 15. Bd2 b6 16. Qd1 Ng4 17. N5e4 Nf6 18. Qc1 Nxe4 19. Nxe4 Bc6 20. Ng3 Bh4 21. Qd1 Bxg3 22. fxg3 e4 23. Bf4 e3 24. Qg4 Bd7 25. Qe2 Qe7 26. Rae1 Bc6 27. b3 a5 28. a4 Kh8 29. Kh1 g5 30. Bxg5 Qxg5 31. Qg4 Qxg4 32. hxg4 Kg7 33. Kg1 Kg6 34. Rf4 Rf6 35. Ref1 Raf8 36. Kh2 Kg5 37. Rxf6 Rxf6 0-1

[Event "ZN-2010-0-00882"]
[Site "LSS email"]
[Date "2010.01.23"]
[Round "?"]
[White "Holmquist, Marson"]
[Black "Mraz, Andrew"]
[Result "0-1"]
[WhiteElo "1053"]
[BlackElo "1660"]
[PlyCount "42"]
[EventDate "2010.01.20"]
[EventType "match (corr)"]
[EventRounds "2"]
[EventCountry "GER"]
[SourceTitle "Corr 2022"]
[Source "ChessBase"]
[SourceDate "2021.10.24"]
[SourceVersion "1"]
[SourceVersionDate "2021.10.24"]
[SourceQuality "1"]

1. d4 d5 2. e3 Nf6 3. Bd3 Nc6 4. Nc3 e5 5. dxe5 Nxe5 6. Nf3 Nxd3+ 7. cxd3 Bg4 8. 0-0 Bd6 9. Re1 0-0 10. e4 dxe4 11. dxe4 Bb4 12. Bd2 Bxf3 13. gxf3 c6 14. e5 Nd5 15. Nxd5 Bxd2 16. Nf6+ gxf6 17. Re2 Bf4 18. Qa4 fxe5 19. Kh1 Qh4 20. Kg1 Qxh2+ 21. Kf1 Qh1# 0-1